神戸市営地下鉄全駅 - Statistics

General Stats
  • This quiz has been taken 9 times
  • The average score is 21 of 27
Answer Stats
ナンバリング 駅名 % Correct
西神・山手・北神線-S01 谷上
100%
S02 新神戸
100%
S03 三宮
100%
S08 長田
100%
S09 新長田
100%
S12 名谷
100%
S17 西神中央
100%
K10 新長田
100%
S11 妙法寺
89%
S14 学園都市
89%
S16 西神南
89%
海岸線-K01 三宮・花時計前
89%
K04 ハーバーランド
89%
S04 県庁前
78%
S06 湊川公園
78%
S13 総合運動公園
78%
S15 伊川谷
78%
K02 旧居留地・大丸前
78%
K06 和田岬
78%
S10 板宿
67%
K09 駒ヶ林
67%
S05 大倉山
56%
K08 苅藻
56%
S07 上沢
44%
K03 みなと元町
44%
K05 中央市場前
33%
K07 御崎公園
22%
No matching quizzes found
Score Distribution
Percent of People with Each Score
Percentile by Number Answered
Your Score History
You have not taken this quiz